| Tag |
First Indicator |
Second Indicator |
Subfields |
| LEADER |
00000nam a2200000 i 4500 |
| 001 |
in00004576113 |
| 003 |
OCoLC |
| 005 |
20220505150725.2 |
| 006 |
m o d |
| 007 |
cr cnu---unuuu |
| 008 |
210724s2021 ii o 000 0 eng d |
| 024 |
8 |
|
|a 40031094241
|
| 040 |
|
|
|a EBLCP
|b eng
|e rda
|e pn
|c EBLCP
|d N$T
|d OCLCO
|d EBLCP
|d OCLCF
|d UKAHL
|d YDX
|d OCLCQ
|d OCLCO
|
| 020 |
|
|
|a 9789391370909
|q (electronic book)
|
| 020 |
|
|
|a 939137090X
|q (electronic book)
|
| 035 |
|
|
|a (OCoLC)1261366165
|
| 043 |
|
|
|a a-ii---
|
| 050 |
|
4 |
|a HT720
|b .C37 2021
|
| 082 |
0 |
4 |
|a 305.51220954
|2 23
|
| 245 |
0 |
0 |
|a Caste, Communication and Power.
|
| 264 |
|
1 |
|a New Delhi :
|b SAGE Publications,
|c 2021.
|
| 300 |
|
|
|a 1 online resource ( 314 pages) :
|
| 336 |
|
|
|a text
|b txt
|2 rdacontent
|
| 337 |
|
|
|a computer
|b c
|2 rdamedia
|
| 338 |
|
|
|a online resource
|b cr
|2 rdacarrier
|
| 650 |
|
0 |
|a Caste
|z India.
|
| 650 |
|
0 |
|a Communication
|z India.
|
| 650 |
|
6 |
|a Castes
|z Inde.
|
| 650 |
|
7 |
|a Caste.
|2 fast
|0 (OCoLC)fst00848395
|
| 650 |
|
7 |
|a Communication.
|2 fast
|0 (OCoLC)fst00869952
|
| 651 |
|
7 |
|a India.
|2 fast
|0 (OCoLC)fst01210276
|
| 655 |
|
7 |
|a Electronic books.
|2 local
|
| 700 |
1 |
|
|a Das, Biswajit.
|
| 700 |
1 |
|
|a Majhi, Debendra Prasad.
|
| 710 |
2 |
|
|a ProQuest (Firm)
|
| 776 |
1 |
8 |
|i Print version:
|a Das, Biswajit.
|t Caste, Communication and Power.
|d New Delhi : SAGE Publications, ©2021
|
| 856 |
4 |
0 |
|u https://ebookcentral.proquest.com/lib/tamucs/detail.action?docID=6679676
|z Connect to the full text of this electronic book
|t 0
|
| 945 |
|
|
|b 301027
|
| 955 |
|
|
|a YBP purchased approval e-records
|
| 980 |
|
|
|b ebook
|c 40031094241
|f NONFIC/B
|g 565751
|k USD
|m 52.50
|q 1
|s AcqMono Conventional
|t Approval plan
|u Vendor order reference number
|v ZYBP
|y E-approvals
|z Electronic resource
|
| 999 |
f |
f |
|i 634d09a6-8453-46c4-b056-380c7b2fec45
|s ba3dc96d-d1bf-4b66-bc13-4126c675d6da
|t 0
|
| 952 |
f |
f |
|a Texas A&M University
|b College Station
|c Electronic Resources
|s www_evans
|d Available Online
|t 0
|e HT720 .C37 2021
|